| 000 | 00443nam a2200145 a 4500 | ||
|---|---|---|---|
| 001 | 000033655 | ||
| 005 | 20200930070422.0 | ||
| 008 | 110905s1951 dr 000 0 spa d | ||
| 040 |
_aDO-SdBNP _bspa _cBNPHU |
||
| 082 |
_axxx _bA717s |
||
| 100 | 1 |
_aAristy R., Arístides A. _959124 |
|
| 245 | 1 | 0 |
_aSonetos descriptivos / _cArístides A. Aristy R. |
| 260 |
_aCiudad Trujillo, República Dominicana : _bMontalvo, _c1951. |
||
| 300 |
_a100 p. ; _c22 cm. |
||
| 999 |
_c33146 _d33146 |
||